[Event "Sparkassen-Open A"]
[Site "Heusenstamm, Martinsee"]
[Date "2019.11.23"]
[Round "4.117"]
[White "Engel, Jan"]
[Black "Wirth, Wolfram"]
[Result "1-0"]
[WhiteElo "1919"]
[BlackElo "1747"]
[PlyCount "81"]
[EventDate "2019.??.??"]
[WhiteTeam "Frankfurter TV"]
[BlackTeam "SK Gau-Algesheim"]

1. d4 Nf6 2. c4 g6 3. Nc3 Bg7 4. e4 d6 5. Nf3 O-O 6. Be2 e5 7. O-O Na6 8. d5
Nc5 9. Qc2 a5 10. b3 h6 11. Ne1 Nh7 12. Nd3 Nxd3 13. Bxd3 f5 14. f3 f4 15. Bd2
h5 16. a3 h4 17. h3 Kf7 18. Be1 Rh8 19. Rb1 Ng5 20. b4 axb4 21. axb4 Nxh3+ 22.
gxh3 Bxh3 23. c5 Rh5 24. Kh2 Bd7 25. c6 bxc6 26. dxc6 Be6 27. Rg1 Bf6 28. Nd5
g5 29. Bc4 Ra3 30. Rb3 Ra1 31. Rb1 Ra3 32. Rb3 Ra1 33. Qc3 Ra2+ 34. Rb2 Ra7 35.
Bf2 Ra8 36. Qb3 Qc8 37. Nxc7 Qxc7 38. Bxe6+ Kg7 39. Qd5 Rhh8 40. b5 Rhb8 41. b6
1-0

[Event "Sparkassen-Open A"]
[Site "Heusenstamm, Martinsee"]
[Date "2019.11.23"]
[Round "4.118"]
[White "Rempe, Jonas"]
[Black "Cristino, Gregory"]
[Result "1-0"]
[WhiteElo "1854"]
[BlackElo "1717"]
[PlyCount "71"]
[EventDate "2019.??.??"]
[WhiteTeam "SK Doppelbauer Kiel"]
[BlackTeam "T.A.L."]

1. e4 c5 2. Nf3 Nc6 3. Nc3 e5 4. Bc4 Be7 5. O-O Nf6 6. d3 d6 7. Bg5 Bg4 8. h3
Bxf3 9. Qxf3 Nd4 10. Qd1 a6 11. a4 O-O 12. Bxf6 Bxf6 13. Nd5 b5 14. axb5 axb5
15. Rxa8 Qxa8 16. Nxf6+ gxf6 17. Bd5 Qc8 18. f4 Ne6 19. fxe5 fxe5 20. Qg4+ Kh8
21. Rxf7 Rxf7 22. Bxe6 Qf8 23. Bxf7 Qxf7 24. Qf3 Qe7 25. Qf5 Kg7 26. Kf2 c4 27.
dxc4 bxc4 28. Qg4+ Kf7 29. Qf3+ Ke8 30. Ke2 Kd8 31. Qg4 Kc7 32. Qg8 Qh4 33.
Qxc4+ Kd7 34. Qf7+ Kc6 35. Qf5 Kc5 36. Qf2+ 1-0

[Event "Sparkassen-Open A"]
[Site "Heusenstamm, Martinsee"]
[Date "2019.11.23"]
[Round "4.119"]
[White "Müller, Maximilian"]
[Black "Englert, Fred"]
[Result "1-0"]
[WhiteElo "1698"]
[BlackElo "1820"]
[PlyCount "99"]
[EventDate "2019.??.??"]
[WhiteTeam "SC Eppelborn"]
[BlackTeam "SK Klingenberg"]

1. e4 c6 2. Nf3 d5 3. exd5 cxd5 4. Ne5 Nf6 5. d4 g6 6. Bd3 Bg7 7. O-O O-O 8. f4
b6 9. Qe2 Bb7 10. Nd2 Nc6 11. Nxc6 Bxc6 12. Nf3 Ne4 13. c3 Qc7 14. Re1 f6 15.
Bxe4 dxe4 16. Qc4+ Rf7 17. Nd2 Qb7 18. Qe2 f5 19. Qe3 Rd8 20. g3 Bb5 21. b3 Bd3
22. Bb2 b5 23. b4 Rc8 24. Nb3 Qc6 25. Nc5 Bc4 26. a4 bxa4 27. Rxa4 e6 28. Rea1
Rcc7 29. Ra5 Bf8 30. Kf2 Kg7 31. h4 h6 32. Rh1 Be7 33. Rha1 Bd8 34. R5a3 Qb6
35. Ra6 Bxa6 36. Rxa6 Qb5 37. Nxe6+ Kh7 38. Nxc7 Bxc7 39. Rxa7 Qc4 40. Ra3 Bb6
41. Qe2 Qd5 42. Ke3 Rc7 43. Qf1 Qd6 44. Qb5 Re7 45. Ra6 Re6 46. Ra3 Kg7 47. c4
Bd8 48. d5+ Bf6 49. dxe6 Bxb2 50. Qd7+ 1-0

[Event "Sparkassen-Open A"]
[Site "Heusenstamm, Martinsee"]
[Date "2019.11.23"]
[Round "4.120"]
[White "Karl, Florian"]
[Black "Hartmann, Egon"]
[Result "1-0"]
[WhiteElo "1739"]
[BlackElo "1694"]
[PlyCount "123"]
[EventDate "2019.??.??"]
[WhiteTeam "SK Langen"]
[BlackTeam "SF Forst"]

1. d4 d5 2. c4 c6 3. Nc3 Nf6 4. e3 e6 5. Nf3 Bb4 6. Bd2 O-O 7. Bd3 Nbd7 8. O-O
b6 9. Nxd5 Bxd2 10. Nxf6+ Nxf6 11. Qxd2 Bb7 12. Rfd1 Qe7 13. e4 c5 14. d5 Rad8
15. Qg5 h6 16. Qe3 exd5 17. exd5 Qd6 18. Re1 Rfe8 19. Qd2 Bc8 20. h3 Bb7 21.
Re3 Rxe3 22. fxe3 Re8 23. Re1 Ne4 24. Bxe4 Rxe4 25. Qd3 Re7 26. e4 f6 27. Nh4
Bc8 28. Qe3 Kh7 29. b3 Qe5 30. Kf2 Bd7 31. Re2 Bc8 32. Qg3 Qd4+ 33. Qe3 Qe5 34.
Qf3 Qd4+ 35. Re3 Qb2+ 36. Qe2 Qe5 37. Nf3 Qd6 38. e5 fxe5 39. Rxe5 Rf7 40. Qe4+
g6 41. Re8 Bf5 42. Qe5 Qxe5 43. Rxe5 Kg7 44. g4 Bb1 45. a3 Ba2 46. Re3 g5 47.
Ke2 Kf8 48. Nd2 a6 49. Re6 Re7 50. Rxe7 Kxe7 51. Kd3 Kd6 52. Kc2 b5 53. Kb2
bxc4 54. Nxc4+ Kxd5 55. Kxa2 Ke4 56. Nd6+ Kf3 57. Nf5 Kg2 58. Nxh6 Kxh3 59. Kb2
Kg3 60. Kc3 Kf4 61. Kc4 Ke5 62. Kxc5 1-0

[Event "Sparkassen-Open A"]
[Site "Heusenstamm, Martinsee"]
[Date "2019.11.23"]
[Round "4.121"]
[White "Burkart, Lloyd Shang"]
[Black "Midanka, Vladimir Josef"]
[Result "0-1"]
[WhiteElo "1399"]
[BlackElo "1775"]
[PlyCount "130"]
[EventDate "2019.??.??"]
[WhiteTeam "TuS Makkabi"]
[BlackTeam "SC Brett vorm Kopp"]

1. d4 Nf6 2. c4 e6 3. g3 Bb4+ 4. Bd2 Qe7 5. a3 Bxd2+ 6. Nxd2 Nc6 7. Ngf3 b6 8.
Bg2 Bb7 9. O-O O-O 10. Ne5 Nd8 11. Ndf3 d6 12. Nd3 c5 13. Nf4 cxd4 14. Nd3 e5
15. Nb4 Ne6 16. Re1 Nc5 17. Nd2 Bxg2 18. Kxg2 Qb7+ 19. Kg1 Qd7 20. e4 Qh3 21.
Qf3 h5 22. Qg2 Qg4 23. Qf3 Qg5 24. Rad1 h4 25. Qf5 Nfxe4 26. Qxg5 Nxg5 27. gxh4
Nh3+ 28. Kf1 Nf4 29. Ne4 Nxe4 30. Rxe4 f5 31. Ree1 Rf6 32. Nd5 Nxd5 33. cxd5
Rh6 34. f4 e4 35. Rxd4 Rxh4 36. Rc4 Rxh2 37. Re2 Rh4 38. Rf2 Rg4 39. Rc6 Rg6
40. Ke2 b5 41. Kd2 Rb8 42. Kc3 a5 43. Kd4 Rb7 44. Rfc2 Rf6 45. Rg2 Kf7 46. Rg3
Rh6 47. Rg2 Rd7 48. Ke3 Rh3+ 49. Ke2 Rd3 50. Ra6 a4 51. Rc6 Rxd5 52. Rc2 Rc5
53. Rd2 d5 54. Rg5 d4 55. Rd1 Rc2+ 56. Ke1 g6 57. Rg3 d3 58. Rd2 Rxd2 59. Kxd2
Rc7 60. Ke3 Rc2 61. Rg1 Rxb2 62. Rc1 Rc2 63. Rb1 d2 64. Rd1 Ra2 65. Kd4 Rxa3
0-1

[Event "Sparkassen-Open A"]
[Site "Heusenstamm, Martinsee"]
[Date "2019.11.23"]
[Round "4.122"]
[White "Tojcic, Josip"]
[Black "Krischak, Werner"]
[Result "1/2-1/2"]
[WhiteElo "1773"]
[BlackElo "1684"]
[PlyCount "95"]
[EventDate "2019.??.??"]
[WhiteTeam "Niederräder TG"]
[BlackTeam "SK Marburg"]

1. d4 d5 2. Bf4 Nf6 3. Nd2 e6 4. e3 Be7 5. Bd3 c5 6. c3 Nc6 7. Ngf3 b6 8. Ne5
Nxe5 9. Bxe5 Qd7 10. a4 c4 11. Bc2 Bb7 12. Nf3 O-O 13. h4 Ne4 14. Bf4 f6 15.
Qb1 a6 16. Nd2 e5 17. dxe5 fxe5 18. Bxe5 Qg4 19. Bxe4 dxe4 20. Bg3 b5 21. Qd1
Qe6 22. Qe2 Bf6 23. O-O Rfd8 24. axb5 axb5 25. Rxa8 Rxa8 26. Nb1 b4 27. Rc1 Ra2
28. Qd2 Qa6 29. Qd7 h6 30. Qe8+ Kh7 31. h5 Bd5 32. Be5 Rxb2 33. Rd1 Bg8 34.
Qg6+ Kh8 35. Qxe4 Bh7 36. Qg4 Rxb1 37. Bxf6 Rxd1+ 38. Qxd1 Qxf6 39. cxb4 Bd3
40. b5 Qb2 41. Qa4 c3 42. Qd4 Bxb5 43. e4 Qc1+ 44. Kh2 Qd2 45. Qc5 Qg5 46. Qxc3
Qxh5+ 47. Kg1 Bd7 48. Qd4 1/2-1/2

[Event "Sparkassen-Open A"]
[Site "Heusenstamm, Martinsee"]
[Date "2019.11.23"]
[Round "5.1"]
[White "Kuzubov, Yuriy"]
[Black "Hahn, Markus"]
[Result "1/2-1/2"]
[WhiteElo "2652"]
[BlackElo "2291"]
[PlyCount "89"]
[EventDate "2019.??.??"]
[WhiteTeam "Sfr. Bad Emstal/Wolfhagen"]
[BlackTeam "SVG Caissa Kassel"]

1. d4 f5 2. Nf3 Nf6 3. c4 e6 4. a3 b6 5. g3 Bb7 6. Bg2 Be7 7. O-O O-O 8. Nc3
Ne4 9. Bd2 Bf6 10. Qc2 d6 11. Rfd1 Nd7 12. Be1 Qe7 13. Na2 c5 14. Rac1 Rac8 15.
Qb1 Ba8 16. b3 Rfd8 17. Nc3 g6 18. d5 Nxc3 19. Bxc3 exd5 20. cxd5 Re8 21. e3
Qg7 22. Bxf6 Nxf6 23. Ng5 Re5 24. b4 Qd7 25. Qb2 Qe7 26. bxc5 bxc5 27. Qb3 Qb7
28. Qa4 Rb8 29. Qh4 Qe7 30. Rb1 Rb6 31. Rxb6 axb6 32. Qa4 Bxd5 33. Bxd5+ Rxd5
34. Rb1 Qb7 35. Qb3 h6 36. Nh3 g5 37. a4 Qa6 38. Qb2 Kf7 39. f4 Ne4 40. Qh8 Qd3
41. Qh7+ Ke8 42. Qg8+ Ke7 43. Qg7+ Ke8 44. Qg8+ Ke7 45. Qg7+ 1/2-1/2

[Event "Sparkassen-Open A"]
[Site "Heusenstamm, Martinsee"]
[Date "2019.11.23"]
[Round "5.2"]
[White "Farmani Anosheh, Armin"]
[Black "Nasuta, Grzegorz"]
[Result "0-1"]
[WhiteElo "2344"]
[BlackElo "2539"]
[PlyCount "77"]
[EventDate "2019.??.??"]
[WhiteTeam "SK Ladenburg"]
[BlackTeam "Godesberger SK"]

1. d4 d5 2. c4 c6 3. Nf3 Nf6 4. Nc3 dxc4 5. a4 Bf5 6. Ne5 Nbd7 7. Nxc4 Nb6 8.
Ne5 a5 9. Bg5 g6 10. f3 Nfd7 11. Nxd7 Bxd7 12. e4 Bg7 13. Be3 Be6 14. Be2 O-O
15. O-O Qd6 16. Qd2 Qb4 17. d5 cxd5 18. Nxd5 Nxd5 19. exd5 Qxd2 20. Bxd2 Bxd5
21. Bc3 Bxc3 22. bxc3 Rfc8 23. Rfc1 Rc5 24. Rab1 Bc6 25. Kf2 Rd8 26. Rb2 Kf8
27. Bb5 Bxb5 28. Rxb5 Rxb5 29. axb5 Rd2+ 30. Kg3 Ke8 31. c4 Kd7 32. c5 Kc7 33.
c6 b6 34. Re1 e6 35. Kf4 Rd4+ 36. Ke3 Rb4 37. Rd1 Rxb5 38. Rd7+ Kxc6 39. Rxf7
0-1

[Event "Sparkassen-Open A"]
[Site "Heusenstamm, Martinsee"]
[Date "2019.11.23"]
[Round "5.3"]
[White "Kunin, Vitaly"]
[Black "Vakulenko, Oleksandr"]
[Result "1-0"]
[WhiteElo "2549"]
[BlackElo "2250"]
[PlyCount "53"]
[EventDate "2019.??.??"]
[WhiteTeam "Freibauer Mörlenbach"]
[BlackTeam "Gambit Kiew"]

1. d4 d5 2. Nf3 e6 3. c4 c6 4. Qc2 Nf6 5. g3 Nbd7 6. Nbd2 c5 7. Bg2 Be7 8. O-O
O-O 9. Rd1 b6 10. e4 Bb7 11. cxd5 exd5 12. e5 Ne4 13. Nxe4 dxe4 14. Ne1 cxd4
15. Bxe4 Bxe4 16. Qxe4 Bc5 17. Nf3 Re8 18. Ng5 g6 19. b4 Bxb4 20. Rxd4 Bc5 21.
Nxf7 Nf6 22. Nh6+ Kh8 23. Qh4 Bxd4 24. Nf7+ Kg8 25. Nxd8 Raxd8 26. exf6 Bxa1
27. Qc4+ 1-0

[Event "Sparkassen-Open A"]
[Site "Heusenstamm, Martinsee"]
[Date "2019.11.23"]
[Round "5.4"]
[White "Spitzl, Vinzent"]
[Black "Nikolov, Momchil"]
[Result "1-0"]
[WhiteElo "2307"]
[BlackElo "2559"]
[PlyCount "105"]
[EventDate "2019.??.??"]
[WhiteTeam "SV Griesheim"]
[BlackTeam "vereinslos"]

1. e4 e5 2. Nf3 Nc6 3. Bb5 a6 4. Ba4 Nf6 5. O-O Be7 6. Re1 b5 7. Bb3 d6 8. c3
O-O 9. h3 Bb7 10. d4 Re8 11. Ng5 Rf8 12. Nf3 Nd7 13. a3 Na5 14. Ba2 exd4 15.
cxd4 c5 16. Nc3 c4 17. Bf4 Re8 18. Qd2 Qb6 19. Rad1 Nf8 20. Bb1 Nb3 21. Qc2 a5
22. a4 bxa4 23. Nxa4 Qb4 24. Nc3 a4 25. Na2 Qb5 26. Nc3 Qb6 27. Qe2 Rec8 28.
Bc2 a3 29. bxa3 Rxa3 30. Rb1 Qa5 31. Nd5 Bxd5 32. exd5 Rc7 33. Be4 Qc3 34. Bc1
Ra4 35. Bc2 Ra8 36. Bxb3 cxb3 37. Bd2 Qc2 38. Rbc1 Bf6 39. Rxc2 bxc2 40. Qd3
Rac8 41. Rc1 Rc4 42. Bg5 Rc3 43. Qd2 Nd7 44. Ne1 h6 45. Bxf6 Nxf6 46. Rxc2 Nxd5
47. Rxc3 Nxc3 48. Nc2 Ne4 49. Qe2 Nf6 50. Ne3 Re8 51. Qa6 d5 52. Qd6 Re6 53.
Qc5 1-0

[Event "Sparkassen-Open A"]
[Site "Heusenstamm, Martinsee"]
[Date "2019.11.23"]
[Round "5.5"]
[White "Kersten, Uwe"]
[Black "Enchev, Ivajlo"]
[Result "1/2-1/2"]
[WhiteElo "2264"]
[BlackElo "2487"]
[PlyCount "138"]
[EventDate "2019.??.??"]
[WhiteTeam "Sfr. Bad Emstal/Wolfhagen"]
[BlackTeam "vereinslos"]

1. d4 Nf6 2. Bg5 e6 3. Nf3 h6 4. Bh4 d6 5. h3 g5 6. Bg3 Ne4 7. Bh2 Bg7 8. e3
Nd7 9. Nbd2 Nxd2 10. Nxd2 e5 11. c3 Qe7 12. Be2 O-O 13. g4 d5 14. Nf3 c6 15. h4
e4 16. Ng1 c5 17. hxg5 hxg5 18. Bg3 Nb6 19. dxc5 Qxc5 20. Rh5 Qe7 21. Nh3 f6
22. Kf1 Be6 23. Ng1 Rad8 24. Rc1 Nc4 25. Rc2 f5 26. gxf5 Rxf5 27. Kg2 Bf7 28.
Rh1 Be5 29. Bg4 Rf6 30. Ne2 Rf8 31. Bxe5 Qxe5 32. Qg1 Rf3 33. Qh2 Qxh2+ 34.
Rxh2 Ne5 35. Bxf3 exf3+ 36. Kg3 fxe2 37. Rxe2 Bg6 38. f4 Nf7 39. Rd2 Be4 40.
Rh5 Kg7 41. fxg5 Kg6 42. Rh4 Nxg5 43. Rf4 Rh8 44. Rh2 Re8 45. Rhf2 Bd3 46. Rf8
Rxe3+ 47. Kh4 Re4+ 48. Kg3 Re5 49. Kh4 Nh7 50. Rg8+ Kh6 51. Kg3 Rg5+ 52. Rxg5
Nxg5 53. Rf8 Bb5 54. Rg8 Ne6 55. Kf2 Kh7 56. Rg4 Bd3 57. Ke3 Bf5 58. Rb4 b6 59.
a4 Nc5 60. a5 Nd7 61. Kd4 Be6 62. axb6 axb6 63. Rb5 Kg6 64. Rxd5 Bxd5 65. Kxd5
Kf7 66. Kc6 Ke7 67. c4 Ne5+ 68. Kxb6 Nxc4+ 69. Kc5 Nxb2 1/2-1/2

[Event "Sparkassen-Open A"]
[Site "Heusenstamm, Martinsee"]
[Date "2019.11.23"]
[Round "5.6"]
[White "Browning, Alex"]
[Black "Thinius, Marco"]
[Result "1/2-1/2"]
[WhiteElo "2264"]
[BlackElo "2398"]
[PlyCount "41"]
[EventDate "2019.??.??"]
[WhiteTeam "SVG Plettenberg"]
[BlackTeam "SV Empor Berlin"]

1. e4 c5 2. Nf3 e6 3. c3 d5 4. exd5 Qxd5 5. d4 Nf6 6. Be2 Be7 7. O-O cxd4 8.
Nxd4 O-O 9. Bf3 Qd8 10. Qe2 Nbd7 11. Nd2 a6 12. Nc4 Qc7 13. Re1 Re8 14. Bg5 Ng4
15. Bxg4 Bxg5 16. Rad1 Nf6 17. Bh3 Bd7 18. Nf3 Bb5 19. Qe5 Bf4 20. Qxc7 Bxc7
21. Nd6 1/2-1/2

[Event "Sparkassen-Open A"]
[Site "Heusenstamm, Martinsee"]
[Date "2019.11.23"]
[Round "5.7"]
[White "Baltic, Fatih"]
[Black "Abel, Thomas"]
[Result "1/2-1/2"]
[WhiteElo "2238"]
[BlackElo "2342"]
[PlyCount "32"]
[EventDate "2019.??.??"]
[WhiteTeam "SV Mülheim-Nord"]
[BlackTeam "vereinslos"]

1. e4 e6 2. d4 d5 3. Nd2 Nf6 4. e5 Nfd7 5. Bd3 c5 6. c3 b6 7. Ne2 Ba6 8. Bb1
Nc6 9. Nf3 Rc8 10. O-O Qc7 11. Bd2 Na5 12. Re1 Nc4 13. Qc1 Qb7 14. Bf4 cxd4 15.
Nexd4 Bc5 16. Nb3 Be7 1/2-1/2

[Event "Sparkassen-Open A"]
[Site "Heusenstamm, Martinsee"]
[Date "2019.11.23"]
[Round "5.8"]
[White "Podat, Vladimir"]
[Black "Köllner, Ruben Gideon"]
[Result "0-1"]
[WhiteElo "2321"]
[BlackElo "2268"]
[PlyCount "90"]
[EventDate "2019.??.??"]
[WhiteTeam "SC Untergrombach"]
[BlackTeam "SF Deizisau"]

1. d4 d6 2. Nf3 Nf6 3. c4 g6 4. Nc3 Bf5 5. h3 Bg7 6. Nh4 Bd7 7. g3 c5 8. dxc5
dxc5 9. Bg2 Qc8 10. Bf4 O-O 11. Qd2 Nc6 12. Nd5 Rd8 13. Bh6 Be6 14. Bxg7 Kxg7
15. Qc3 Nb4 16. e4 Nc6 17. Nf3 Kg8 18. Ng5 Bxd5 19. exd5 Nd4 20. Nf3 Ne4 21.
Qd3 Qf5 22. Rd1 e6 23. O-O Nxf3+ 24. Bxf3 exd5 25. Bg4 Qf6 26. cxd5 Nd6 27. b3
h5 28. Bf3 Qf5 29. Qxf5 Nxf5 30. h4 Nd6 31. Rd2 Re8 32. Rc1 b6 33. Kf1 Re5 34.
a3 a5 35. b4 axb4 36. axb4 c4 37. b5 Re7 38. Rb2 Rc7 39. Ke2 Rc5 40. Ke3 Ra3+
41. Kf4 Kg7 42. Ke5 Rxf3 43. Kxd6 Rd3 44. Ke5 Rcxd5+ 45. Ke4 R5d4+ 0-1

[Event "Sparkassen-Open A"]
[Site "Heusenstamm, Martinsee"]
[Date "2019.11.23"]
[Round "5.9"]
[White "Triebus, Bruno"]
[Black "Baskin, Robert"]
[Result "0-1"]
[WhiteElo "1992"]
[BlackElo "2410"]
[PlyCount "64"]
[EventDate "2019.??.??"]
[WhiteTeam "SW Lichtenrade"]
[BlackTeam "Wiesbadener SV"]

1. e4 c5 2. Nf3 d6 3. d4 cxd4 4. Nxd4 Nf6 5. Nc3 a6 6. Bg5 e6 7. Qd2 b5 8. a3
Bb7 9. f3 Nbd7 10. a4 bxa4 11. Nxa4 Be7 12. Bxf6 Nxf6 13. Bc4 d5 14. exd5 Nxd5
15. Bxd5 Qxd5 16. O-O Rd8 17. Rfd1 Bf6 18. Nb3 Qc4 19. Na5 Qb5 20. c4 Rxd2 21.
cxb5 Rxd1+ 22. Rxd1 axb5 23. Nxb7 bxa4 24. Nc5 Bxb2 25. Nxa4 Be5 26. Nc5 O-O
27. g4 Rc8 28. h3 g6 29. Ne4 Bf4 30. h4 h6 31. h5 f5 32. Nd2 Rd8 0-1

[Event "Sparkassen-Open A"]
[Site "Heusenstamm, Martinsee"]
[Date "2019.11.23"]
[Round "5.10"]
[White "Seewi, Joram"]
[Black "Schmittdiel, Eckhard"]
[Result "0-1"]
[WhiteElo "2108"]
[BlackElo "2412"]
[PlyCount "84"]
[EventDate "2019.??.??"]
[WhiteTeam "SG Kalker/Deutzer"]
[BlackTeam "BCA Augsburg"]

1. d4 Nf6 2. Nf3 c5 3. c3 e6 4. g3 b5 5. a4 b4 6. Bg2 d5 7. O-O Nc6 8. a5 Ba6
9. cxb4 Nxd4 10. Nxd4 cxd4 11. Qxd4 Qd7 12. Re1 Be7 13. Bf4 Qb5 14. Bd2 O-O 15.
Na3 Qb8 16. Bc3 Rd8 17. Rab1 e5 18. Qxe5 Qxe5 19. Bxe5 Bxb4 20. Bxf6 gxf6 21.
Red1 Bxe2 22. Rxd5 Rxd5 23. Bxd5 Rd8 24. Bc6 Rd2 25. Nb5 Bd3 26. Rc1 Bxa5 27.
Nxa7 Bb6 28. Nc8 Bxf2+ 29. Kh1 Rxb2 30. Bf3 f5 31. Nd6 Kg7 32. Rd1 Bb1 33. Kg2
Bc5+ 34. Kh3 Rb6 35. Nc4 Rh6+ 36. Kg2 Ba2 37. Rc1 Re6 38. Rc2 Bb1 39. Rc1 Be4
40. Na5 Be3 41. Rc4 Bb6 42. Nb3 Bxf3+ 0-1

[Event "Sparkassen-Open A"]
[Site "Heusenstamm, Martinsee"]
[Date "2019.11.23"]
[Round "5.11"]
[White "Gutman, Lev"]
[Black "Hinrichs, Niklas"]
[Result "1-0"]
[WhiteElo "2407"]
[BlackElo "2105"]
[PlyCount "111"]
[EventDate "2019.??.??"]
[WhiteTeam "SV Lingen"]
[BlackTeam "SK Bingen"]

1. Nf3 d5 2. g3 Nf6 3. Bg2 Bg4 4. O-O c6 5. d4 Nbd7 6. c4 e6 7. h3 Bf5 8. cxd5
exd5 9. Qb3 Qb6 10. Qe3+ Be7 11. Nh4 Bg6 12. f4 Be4 13. Nc3 O-O-O 14. Bxe4 Nxe4
15. Nf5 Bf6 16. Nxe4 dxe4 17. Qa3 Kb8 18. Be3 Qb5 19. d5 Nb6 20. dxc6 Bxb2 21.
Qe7 Nd5 22. c7+ Nxc7 23. Rab1 Nd5 24. Qc5 Qxc5 25. Bxc5 Bf6 26. Nd6 Rd7 27.
Nxe4 Re8 28. Nxf6 Nxf6 29. Rb2 Ne4 30. Bf2 Rd2 31. Rfb1 Rxb2 32. Rxb2 Nxf2 33.
Kxf2 Kc7 34. Kf3 Re7 35. g4 Kc6 36. e4 Rd7 37. Rc2+ Kd6 38. e5+ Ke7 39. Ke4 Rd1
40. f5 h6 41. Rc7+ Rd7 42. Rc8 Rd8 43. Rc2 Rd1 44. h4 Rd7 45. g5 hxg5 46. hxg5
Rd8 47. f6+ gxf6 48. exf6+ Kd6 49. Kf5 Re8 50. Rd2+ Kc6 51. g6 fxg6+ 52. Kg5
Re1 53. Rf2 Re8 54. f7 Rf8 55. Kxg6 b5 56. Rf6+ 1-0

[Event "Sparkassen-Open A"]
[Site "Heusenstamm, Martinsee"]
[Date "2019.11.23"]
[Round "5.12"]
[White "Sandten, Ulrich"]
[Black "Odendahl, Reiner"]
[Result "0-1"]
[WhiteElo "2086"]
[BlackElo "2351"]
[PlyCount "136"]
[EventDate "2019.??.??"]
[WhiteTeam "VSG Offenbach"]
[BlackTeam "Elberfelder SG"]

1. d4 Nf6 2. Nf3 g6 3. e3 Bg7 4. Be2 c5 5. O-O O-O 6. c3 Qc7 7. Nbd2 d5 8. b4
c4 9. a4 Nbd7 10. Ba3 e5 11. Nxe5 Nxe5 12. dxe5 Qxe5 13. Rc1 Qe7 14. Nf3 Bg4
15. Nd4 Bxe2 16. Qxe2 Rfd8 17. Qb2 Nd7 18. b5 Qe8 19. Nf3 Qe6 20. Rfd1 Rac8 21.
a5 Ne5 22. Nxe5 Bxe5 23. Qc2 Qe8 24. Rb1 Bc7 25. b6 axb6 26. axb6 Be5 27. Rd2
Qe6 28. Rbd1 Bf6 29. Bb4 Ra8 30. Bc5 Qc6 31. Bd4 Bxd4 32. Rxd4 Qxb6 33. Rb1 Qc6
34. h4 Re8 35. h5 Re5 36. hxg6 hxg6 37. Qb2 Rh5 38. f3 Re5 39. Qxb7 Qxb7 40.
Rxb7 Ra1+ 41. Kf2 Ra2+ 42. Kg3 Rg5+ 43. Kf4 Raxg2 44. e4 dxe4 45. fxe4 R2g4+
46. Kf3 Rg3+ 47. Kf4 R5g4+ 48. Ke5 Rxc3 49. Rc7 Kg7 50. Rdd7 Rf3 51. Rxc4 Rff4
52. Kd5 Kh6 53. Rcc7 Rxe4 54. Rxf7 Rd4+ 55. Kc5 Rc4+ 56. Kd5 Rxc7 57. Rxc7 g5
58. Ke5 Kh5 59. Rh7+ Kg6 60. Ra7 Rg3 61. Ke4 Kh5 62. Rh7+ Kg4 63. Rh1 Rg2 64.
Ke3 Kg3 65. Rh8 Rg1 66. Rg8 Re1+ 67. Kd2 Re5 68. Kd3 g4 0-1

[Event "Sparkassen-Open A"]
[Site "Heusenstamm, Martinsee"]
[Date "2019.11.23"]
[Round "5.13"]
[White "Krastev, Alexander"]
[Black "Reitz, Philipp"]
[Result "1-0"]
[WhiteElo "2330"]
[BlackElo "2088"]
[PlyCount "73"]
[EventDate "2019.??.??"]
[WhiteTeam "Biebertaler SF"]
[BlackTeam "VfR-SC Koblenz"]

1. e4 c5 2. Nf3 e6 3. g3 Nc6 4. Bg2 a6 5. O-O Nf6 6. Re1 Qc7 7. c3 d6 8. d4 e5
9. Nbd2 cxd4 10. cxd4 g6 11. b3 Bg7 12. dxe5 dxe5 13. Ba3 Bg4 14. Nc4 Bf8 15.
Bd6 Bxd6 16. Qxd6 Qxd6 17. Nxd6+ Ke7 18. Nxb7 Bxf3 19. Bxf3 Nd4 20. Bd1 Nd7 21.
Na5 Nb6 22. Rc1 Rac8 23. Bg4 f5 24. exf5 gxf5 25. Bh5 Kf6 26. Kf1 Nd5 27. Rxc8
Rxc8 28. Nc4 Nb4 29. f4 exf4 30. gxf4 Ne6 31. Nd6 Rc6 32. Ne8+ Ke7 33. Ng7 Nd3
34. Rxe6+ Rxe6 35. Nxe6 Kxe6 36. Be2 Nc1 37. Bc4+ 1-0

[Event "Sparkassen-Open A"]
[Site "Heusenstamm, Martinsee"]
[Date "2019.11.23"]
[Round "5.14"]
[White "Bakiev, Diyor"]
[Black "Schulze, Lara"]
[Result "1/2-1/2"]
[WhiteElo "2084"]
[BlackElo "2326"]
[PlyCount "46"]
[EventDate "2019.??.??"]
[WhiteTeam "Wiesbadener SV"]
[BlackTeam "SK Lehrte"]

1. e4 e6 2. d4 d5 3. e5 c5 4. c3 Nc6 5. Nf3 Bd7 6. Be2 f6 7. O-O fxe5 8. dxe5
Qc7 9. Bf4 O-O-O 10. Na3 Nh6 11. c4 d4 12. Nb5 Qb8 13. a3 a6 14. Nd6+ Bxd6 15.
exd6 Rdf8 16. Qd2 Nf7 17. b4 e5 18. Bg3 Qxd6 19. b5 Nb8 20. Bd3 h5 21. Rfe1 Re8
22. Ng5 Nxg5 23. Qxg5 Qf6 1/2-1/2

[Event "Sparkassen-Open A"]
[Site "Heusenstamm, Martinsee"]
[Date "2019.11.23"]
[Round "5.15"]
[White "Klundt, Klaus"]
[Black "Scheitz, Michael"]
[Result "1-0"]
[WhiteElo "2297"]
[BlackElo "2082"]
[PlyCount "99"]
[EventDate "2019.??.??"]
[WhiteTeam "SC Heusenstamm"]
[BlackTeam "Wiesbadener SV"]

1. e4 e5 2. Nf3 Nc6 3. Bb5 a6 4. Ba4 Nf6 5. O-O Be7 6. Re1 b5 7. Bb3 d6 8. c3
O-O 9. h3 Nb8 10. d4 Nbd7 11. Nbd2 Bb7 12. Bc2 Re8 13. Nf1 Bf8 14. Ng3 g6 15.
b3 Bg7 16. Bb2 Rc8 17. a4 c5 18. d5 c4 19. axb5 cxb3 20. Bd3 axb5 21. Bxb5 Re7
22. Nd2 Nc5 23. Nxb3 h5 24. Nxc5 Rxc5 25. c4 Rc8 26. Bc3 Nd7 27. Ba5 Qf8 28.
Ra3 Nc5 29. Bb6 h4 30. Nf1 f5 31. Nd2 Nd7 32. Ba5 Ra8 33. Bb4 Rxa3 34. Bxa3 Rf7
35. exf5 gxf5 36. Qh5 e4 37. Nb3 Ne5 38. Nd4 Bc8 39. Ne6 Qe7 40. Nf4 Bf6 41.
Ng6 Nxg6 42. Qxg6+ Kf8 43. Bc1 Bg7 44. Bg5 Qe5 45. Bxh4 Qc3 46. Qxd6+ Kg8 47.
Rf1 f4 48. Qd8+ Rf8 49. Qe7 e3 50. d6 1-0

[Event "Sparkassen-Open A"]
[Site "Heusenstamm, Martinsee"]
[Date "2019.11.23"]
[Round "5.16"]
[White "Weber, Samuel"]
[Black "Ochs, Daniel Elias"]
[Result "1/2-1/2"]
[WhiteElo "2291"]
[BlackElo "2055"]
[PlyCount "136"]
[EventDate "2019.??.??"]
[WhiteTeam "SV Oberursel"]
[BlackTeam "Wiesbadener SV"]

1. Nf3 d5 2. g3 Nf6 3. Bg2 c6 4. O-O Bf5 5. d3 e6 6. Nbd2 Be7 7. b3 Nbd7 8. Bb2
O-O 9. c4 Qc7 10. Qc2 Bg6 11. Rac1 Rfe8 12. Qb1 Rad8 13. Qa1 Bd6 14. Rfe1 Qb8
15. a3 e5 16. Nh4 Bf8 17. Nxg6 hxg6 18. b4 a6 19. Qa2 Qd6 20. c5 Qe6 21. e4
dxe4 22. Qxe6 Rxe6 23. dxe4 Nxc5 24. Nc4 Nd3 25. Red1 Ree8 26. Rb1 Nxb2 27.
Nxb2 Bd6 28. Rd3 Bc7 29. Rbd1 Rxd3 30. Rxd3 Bb6 31. Nc4 Bd4 32. Kf1 Kf8 33. f3
Ke7 34. Na5 Rb8 35. f4 Ne8 36. fxe5 Bxe5 37. Nc4 f6 38. Nxe5 fxe5 39. a4 Nd6
40. Rc3 Rh8 41. Kg1 Kd7 42. Rc5 Re8 43. Kf2 b6 44. Rc1 a5 45. bxa5 bxa5 46. Rc5
Nb7 47. Rc3 Kc7 48. Bf1 Rf8+ 49. Ke1 Rd8 50. Bb5 Rd6 51. Ke2 Kb6 52. Bd3 Nc5
53. Bc2 Ne6 54. Ke1 Nd4 55. Bd3 g5 56. Kf2 Rf6+ 57. Kg2 Rf3 58. Kh3 c5 59. Kg4
c4 60. Rxc4 Rxd3 61. Kxg5 Nf3+ 62. Kf5 Nxh2 63. Kxe5 Rxg3 64. Rc2 Ng4+ 65. Kf4
Rg1 66. Rb2+ Kc6 67. Rb5 Nf6 68. Rxa5 Rg4+ 1/2-1/2

[Event "Sparkassen-Open A"]
[Site "Heusenstamm, Martinsee"]
[Date "2019.11.23"]
[Round "5.17"]
[White "Bagrationi, Alexander"]
[Black "Zuferi, Enis"]
[Result "1-0"]
[WhiteElo "2500"]
[BlackElo "2290"]
[PlyCount "97"]
[EventDate "2019.??.??"]
[WhiteTeam "vereinslos"]
[BlackTeam "Heilbronner SV"]

1. e4 c5 2. Nf3 d6 3. d4 cxd4 4. Nxd4 Nf6 5. Nc3 a6 6. h3 e5 7. Nde2 b5 8. g4
b4 9. Nd5 Nxd5 10. Qxd5 Ra7 11. Be3 Be6 12. Qd2 Rd7 13. Qxb4 d5 14. Qa4 d4 15.
Bd2 Be7 16. Nc1 O-O 17. Nd3 Rb7 18. Qa5 Qd6 19. Qxe5 Qxe5 20. Nxe5 Rxb2 21. Bd3
Rxa2 22. Rxa2 Bxa2 23. Ke2 Be6 24. f4 f6 25. Nf3 Bc5 26. f5 Bf7 27. Rb1 Re8 28.
Kd1 Nd7 29. Rb7 Ne5 30. Nxe5 Rxe5 31. Rb8+ Be8 32. Rc8 Ba3 33. Bf4 Re7 34. e5
fxe5 35. Bg5 Kf8 36. Bxa6 h6 37. Bxe7+ Kxe7 38. Bd3 Bd6 39. Be4 Bb5 40. Ke1
Bb4+ 41. Kf2 Bd7 42. Ra8 Be8 43. Bd5 Bd2 44. Kf3 Bb5 45. Ra7+ Kd6 46. Be4 Bd7
47. Ra6+ Ke7 48. Bc6 Bc8 49. Ra8 1-0